| 000 | 02141nam a2200241Ia 4500 | ||
|---|---|---|---|
| 003 | Ost | ||
| 005 | 20260507075312.0 | ||
| 008 | 260507s9999||||xx |||||||||||||| ||und|| | ||
| 020 | _a80817499579 | ||
| 040 | _cfsecg | ||
| 041 | _aara | ||
| 082 | _a332.10688 | ||
| 100 |
_aالنعسة، وصفي عبد الرحمن أحمد _eمؤلف |
||
| 245 | 0 |
_aالتسويق المصرفي / _c وصفي عبد الرحمن أحمد النعسة |
|
| 260 |
_aعمان: _bدار كنوز المعرفة العلمية, _c2011 |
||
| 300 |
_a247 صفحة؛ _bإيضاحات ؛ _c25 سم |
||
| 504 | _aببليوغرافيا: ص.247 | ||
| 520 | _aمقدمة-الفصل الأول : التسويق : مراحل التسويق-عناصر المزيج التسويقي-الفصل الثاني : مقدمة في الترويج التجاري : أهمية النشاط الترويجي-أهمية الترويج للمستهلك-الفصل الثالث : طبيعة النشاط التسويقي : بعض الاعتقادات الخاطئة بالنشاط التسويقي-التسويق ليس دواء لكل أمراض المنظمات-الأهداف التسويقية-الفصل الرابع : أساسيات التسويق (الاستراتيجيات التسويقية) :استراتيجيات المنتجات-الفصل الخامس : تسويق الخدمات المصرفية : تعريف الخدمات-خصائص الخدمات المصرفية-إدارة النشاط التسويقي-الفصل السادس : تخطيط المنتجات للخدمات المصرفية : المزيج التسويقي للبنك-تقديم خدمات مصرفية الجديدة للسوق-الفصل السابع : دراسة العميل والسوق المصرفي : أهمية وجود العميل-المراحل التي يمر بها العميل في اتخاذ قراراته-مفهوم السعر-اهداف التسعير المصرفي-الفصل الثامن : المفاهيم والمصطلحات | ||
| 653 | _aالبنوك التجارية | ||
| 653 | _aالتسويق | ||
| 653 | _aالتسويق- البنوك | ||
| 942 | _cكتاب | ||
| 999 |
_c43875 _d43875 |
||